000 00387nam a2200157 i 4500
001 bg
100 1 _aKAGANOV, M. I.
245 0 _aElektrony, fonony, magnony /
_cM.I. Kaganov.
260 _aWarszawa :
_bPWN,
_c1978.
490 1 _aBiblioteka Problemów
830 _aBiblioteka Problemów
040 _cBPK
041 _apol
942 _cKS
008 s pl f |000 0 pol
999 _c9560
_d9560
856 _uhttp://koha.tu.koszalin.pl/cgi-bin/koha/opac-detail.pl?biblionumber=9560
_yKatalog online BPK